[Event "36th Teams Ch-GR"]
[Site "Kallithea Halkidiki"]
[Date "2008.07.09"]
[Round "5.4"]
[White "Kontarinis, Andreas"]
[Black "Kanakaris, Georgios"]
[Result "0-1"]
[WhiteElo "1930"]
[BlackElo "2284"]
[PlyCount "96"]
[EventDate "2008.07.06"]
[WhiteTeam "SAS KOROPIOU"]
[BlackTeam "SA THES/NIKIS O GALAXIAS"]

1. Nf3 Nf6 2. c4 g6 3. Nc3 Bg7 4. e4 d6 5. d4 O-O 6. Be2 e5 7. dxe5 dxe5 8.
Qxd8 Rxd8 9. Nd5 Nxd5 10. cxd5 c6 11. Bc4 b5 12. Bb3 Bb7 13. Bg5 Re8 14. O-O-O
a5 15. a4 Ra6 16. Kb1 Bf8 17. Be3 Kg7 18. h4 f6 19. Nh2 f5 20. f3 h5 21. Rd3 f4
22. Bf2 Kf6 23. Rc1 Rc8 24. Rdc3 bxa4 25. Bxa4 Bb4 26. R3c2 Ke7 27. g3 fxg3 28.
Bxg3 Bd6 29. Bf2 Kd7 30. Rd1 Ke7 31. Be3 cxd5 32. Bg5+ Kf8 33. Rxc8+ Bxc8 34.
Rxd5 Be6 35. Rd1 Be7 36. Bxe7+ Kxe7 37. Nf1 Nc6 38. Ne3 Nb4 39. Nd5+ Bxd5 40.
exd5 Rd6 41. Bb3 Rf6 42. d6+ Rxd6 43. Rxd6 Kxd6 44. Bf7 g5 45. hxg5 h4 46. Bc4
h3 47. Bf1 h2 48. Bg2 Ke6 0-1

[Event "36th Teams Ch-GR"]
[Site "Kallithea Halkidiki"]
[Date "2008.07.09"]
[Round "5.5"]
[White "Managadze, Nikoloz"]
[Black "Movsesian, Sergei"]
[Result "0-1"]
[WhiteElo "2444"]
[BlackElo "2723"]
[PlyCount "78"]
[EventDate "2008.07.06"]
[WhiteTeam "FO N. HERAKLIOU ATTIKIS"]
[BlackTeam "EES KORYDALLOU"]

1. e4 c5 2. c3 Qa5 3. Nf3 Nc6 4. Be2 Nf6 5. Qc2 d5 6. d3 Bg4 7. O-O e6 8. Bg5
Be7 9. Nbd2 O-O 10. Rfe1 Rac8 11. Bxf6 Bxf6 12. Nf1 Qc7 13. N3d2 Bxe2 14. Rxe2
Rfd8 15. Nf3 b5 16. Rae1 g6 17. h4 h5 18. e5 Bg7 19. N1h2 d4 20. Re4 dxc3 21.
bxc3 Rd5 22. Qe2 Rcd8 23. c4 Rxd3 24. cxb5 Ne7 25. Rc1 Bh6 26. Rc2 Rd1+ 27. Nf1
Ra1 28. Nd4 Rb1 29. Kh2 Rxf1 30. Qxf1 Rxd4 31. Qe1 Bf4+ 32. g3 Rxe4 33. Qxe4
Bxe5 34. a4 Bd6 35. Qe1 Nf5 36. Qe4 Bxg3+ 37. fxg3 Qxg3+ 38. Kh1 Nd4 39. Rxc5
Nf3 0-1

[Event "36th Teams Ch-GR"]
[Site "Kallithea Halkidiki"]
[Date "2008.07.09"]
[Round "5.5"]
[White "Papadopoulos, Nikolaos"]
[Black "Katsiris, Ioannis"]
[Result "1/2-1/2"]
[WhiteElo "2109"]
[BlackElo "2136"]
[PlyCount "154"]
[EventDate "2008.07.06"]
[WhiteTeam "FO N. HERAKLIOU ATTIKIS"]
[BlackTeam "EES KORYDALLOU"]

1. Nf3 c5 2. c4 Nc6 3. g3 e5 4. Nc3 g6 5. d3 Bg7 6. Bg2 Nge7 7. h4 h6 8. a3 O-O
9. Bd2 Nd4 10. e3 Ne6 11. h5 g5 12. g4 d6 13. b4 Rb8 14. b5 Nc7 15. Nh2 f5 16.
gxf5 Bxf5 17. Be4 d5 18. cxd5 Ncxd5 19. Nxd5 Nxd5 20. Bxf5 Rxf5 21. e4 Nf4 22.
Bxf4 Rxf4 23. Ng4 Qa5+ 24. Kf1 Qxb5 25. Ne3 Rxe4 26. Rb1 Qa6 27. Kg1 Rd4 28.
Qb3+ Kh8 29. Nf5 Rd7 30. Rh3 Rbd8 31. Re3 Qf6 32. Ng3 b6 33. Rc1 Qf7 34. Qc2
Rd4 35. Qe2 Rh4 36. Rc4 Rxc4 37. dxc4 Rd4 38. Re4 Qd7 39. Qf3 Rd3 40. Re3 Rxe3
41. Qxe3 Qd4 42. Qb3 e4 43. Qa4 Qe5 44. Qxa7 e3 45. Qa8+ Kh7 46. Qf3 exf2+ 47.
Qxf2 Qd4 48. Kg2 Qxc4 49. Qf5+ Kg8 50. Qc8+ Bf8 51. Nf5 Qc2+ 52. Kg1 Qd1+ 53.
Kg2 Qd2+ 54. Kg1 Qc1+ 55. Kg2 Qb2+ 56. Kg1 Qf6 57. a4 g4 58. Kg2 Kf7 59. Qd7+
Be7 60. Qd5+ Kf8 61. Qa8+ Bd8 62. Nxh6 Qf3+ 63. Qxf3+ gxf3+ 64. Kxf3 Kg7 65.
Nf5+ Kf6 66. Ke4 Ke6 67. Ne3 Kf6 68. Kd5 Kg5 69. Nc4 Kxh5 70. Kc6 Kg5 71. Kd7
Bf6 72. Kc7 Bc3 73. Kxb6 Bb4 74. Nb2 Kf5 75. Nd3 Ke6 76. Nxc5+ Bxc5+ 77. Kxc5
Kd7 1/2-1/2

[Event "36th Teams Ch-GR"]
[Site "Kallithea Halkidiki"]
[Date "2008.07.09"]
[Round "5.5"]
[White "Sperdokli, Elli"]
[Black "Papadimitriou, Athanasios"]
[Result "1/2-1/2"]
[WhiteElo "2129"]
[BlackElo "2064"]
[PlyCount "79"]
[EventDate "2008.07.06"]
[WhiteTeam "EES KORYDALLOU"]
[BlackTeam "FO N. HERAKLIOU ATTIKIS"]

1. e4 g6 2. d4 Bg7 3. Nf3 c6 4. Nc3 d5 5. h3 dxe4 6. Nxe4 Nd7 7. Bd3 Ngf6 8.
Nxf6+ Nxf6 9. O-O O-O 10. Re1 Qc7 11. Qe2 Re8 12. Ne5 Be6 13. Bf4 Qb6 14. c3
Rad8 15. Bg5 a6 16. Bc4 Bxc4 17. Nxc4 Qc7 18. Qf3 Nd5 19. Ne3 Nxe3 20. Rxe3 Rd5
21. Bf4 Qd8 22. Rae1 b5 23. a3 e6 24. Qg3 c5 25. dxc5 Rxc5 26. Rd3 Rd5 27. Red1
Qa8 28. Rxd5 exd5 29. Qg5 f5 30. Be3 Re4 31. Bd4 Bxd4 32. Rxd4 Rxd4 33. cxd4
Qe8 34. Qf6 Qe1+ 35. Kh2 Qxf2 36. Qd8+ Kg7 37. Qxd5 Qf4+ 38. Kh1 Qc1+ 39. Kh2
Qf4+ 40. Kh1 1/2-1/2

[Event "36th Teams Ch-GR"]
[Site "Kallithea Halkidiki"]
[Date "2008.07.09"]
[Round "5.5"]
[White "Pappelis, Dimitrios"]
[Black "Sismanis, Aggelos"]
[Result "1/2-1/2"]
[WhiteElo "1889"]
[BlackElo "2191"]
[PlyCount "76"]
[EventDate "2008.07.06"]
[WhiteTeam "FO N. HERAKLIOU ATTIKIS"]
[BlackTeam "EES KORYDALLOU"]

1. e4 c5 2. Nf3 d6 3. d4 cxd4 4. Nxd4 Nf6 5. f3 e5 6. Nb3 d5 7. exd5 Qxd5 8.
Qxd5 Nxd5 9. Bb5+ Bd7 10. Bxd7+ Nxd7 11. Bd2 Nb4 12. Bxb4 Bxb4+ 13. c3 Be7 14.
O-O O-O 15. Re1 f5 16. N1d2 b5 17. Rad1 a5 18. Nf1 Rfd8 19. Ne3 g6 20. Nd5 Bd6
21. Re2 a4 22. Na1 Nb6 23. Kf1 Ba3 24. Ne3 Bc5 25. Nac2 f4 26. Rxd8+ Rxd8 27.
Ng4 Nc4 28. b3 axb3 29. axb3 Nd2+ 30. Ke1 Nxb3 31. Rxe5 Kg7 32. Nb4 h5 33. Nf2
Bxf2+ 34. Kxf2 Rd2+ 35. Kf1 Rd1+ 36. Kf2 Rc1 37. Rxb5 Rxc3 38. Nd5 Rc2+ 1/2-1/2

[Event "36th Teams Ch-GR"]
[Site "Kallithea Halkidiki"]
[Date "2008.07.09"]
[Round "5.6"]
[White "Macieja, Bartlomiej"]
[Black "Bojkov, Dejan"]
[Result "1-0"]
[WhiteElo "2606"]
[BlackElo "2498"]
[PlyCount "113"]
[EventDate "2008.07.06"]
[WhiteTeam "PS PERISTERIOU"]
[BlackTeam "OFS KAVALAS"]

1. e4 e5 2. Nf3 Nc6 3. d4 exd4 4. Nxd4 Nf6 5. Nxc6 bxc6 6. e5 Qe7 7. Qe2 Nd5 8.
c4 Nb6 9. Nc3 a5 10. Bd2 Qe6 11. Qe4 d5 12. exd6 Bxd6 13. Bd3 f5 14. Qe2 O-O
15. O-O Qg6 16. Rfe1 Bd7 17. Qf3 a4 18. Rac1 Rad8 19. h3 c5 20. Nd5 Nxd5 21.
Qxd5+ Kh8 22. Bc3 Qh6 23. Be5 f4 24. Bxd6 cxd6 25. Be4 Qf6 26. Qd2 f3 27. Bxf3
Bxh3 28. Bd5 Bg4 29. Rc3 Rb8 30. Bc6 Qd4 31. Qxd4 cxd4 32. Rc2 d3 33. Rd2 Rf4
34. Bxa4 Rxc4 35. Bb5 Rc2 36. Rxd3 Rxb2 37. Rde3 h5 38. a4 Ra2 39. Re7 Rf8 40.
f3 Bf5 41. R7e2 Ra3 42. Rd1 Rc8 43. Rxd6 Rc5 44. Rdd2 Kh7 45. Ra2 Rcc3 46. a5
Rc1+ 47. Kf2 Ra1 48. Rxa1 Rxa1 49. a6 Ra5 50. Re5 Ra2+ 51. Kg1 Kg6 52. Rc5 Kf6
53. Rc4 Be6 54. Ra4 Rxa4 55. Bxa4 Bc4 56. a7 Bd5 57. Bc2 1-0

[Event "36th Teams Ch-GR"]
[Site "Kallithea Halkidiki"]
[Date "2008.07.09"]
[Round "5.6"]
[White "Dimitrov, Atanas"]
[Black "Tzermiadianos, Andreas"]
[Result "1-0"]
[WhiteElo "2302"]
[BlackElo "2455"]
[PlyCount "75"]
[EventDate "2008.07.06"]
[WhiteTeam "OFS KAVALAS"]
[BlackTeam "PS PERISTERIOU"]

1. Nf3 d5 2. d4 e6 3. g3 c6 4. Bg2 Nf6 5. O-O Nbd7 6. Nbd2 Be7 7. c4 O-O 8. Qc2
c5 9. Rd1 Qb6 10. e3 Rd8 11. b3 cxd4 12. exd4 dxc4 13. bxc4 e5 14. Rb1 Qc7 15.
Re1 Bd6 16. Bb2 exd4 17. Nxd4 a6 18. Nf5 Be5 19. Ne7+ Kh8 20. Nxc8 Raxc8 21.
Bxe5 Nxe5 22. Rxb7 Qd6 23. Re2 Nfd7 24. Ne4 Qg6 25. Rd2 Nc5 26. Nxc5 Qxc2 27.
Rxc2 Rd1+ 28. Bf1 Nf3+ 29. Kh1 g5 30. Nd3 Rxf1+ 31. Kg2 Rd1 32. Kxf3 Rxd3+ 33.
Ke4 Rd6 34. Rxf7 Re8+ 35. Kf5 Rd4 36. Kxg5 Rg8+ 37. Kh5 Rdg4 38. f4 1-0

[Event "36th Teams Ch-GR"]
[Site "Kallithea Halkidiki"]
[Date "2008.07.09"]
[Round "5.6"]
[White "Mihailidis, Anastacios"]
[Black "Markidis, Konstantinos"]
[Result "1/2-1/2"]
[WhiteElo "2265"]
[BlackElo "2315"]
[PlyCount "69"]
[EventDate "2008.07.06"]
[WhiteTeam "PS PERISTERIOU"]
[BlackTeam "OFS KAVALAS"]

1. e4 e5 2. Nf3 Nc6 3. d4 exd4 4. Nxd4 Bc5 5. Be3 Qf6 6. c3 Nge7 7. Qd2 O-O 8.
Nb5 Bxe3 9. Qxe3 d5 10. Nd2 dxe4 11. Nxe4 Qe5 12. Nc5 Nd5 13. Qxe5 Nxe5 14. c4
Nb4 15. Nxc7 Rb8 16. Kd2 b6 17. Nb3 Rb7 18. Nb5 a6 19. N5d4 Rd8 20. Kc3 a5 21.
a3 Na6 22. Re1 Ng4 23. Nc6 Rf8 24. Ne7+ Kh8 25. c5 Nxc5 26. Nxc5 Rc7 27. b4
axb4+ 28. axb4 bxc5 29. b5 Be6 30. Nc6 Nxf2 31. Rg1 Bd5 32. Bc4 Ne4+ 33. Kd3
Nf2+ 34. Kc3 Ne4+ 35. Kd3 1/2-1/2

[Event "36th Teams Ch-GR"]
[Site "Kallithea Halkidiki"]
[Date "2008.07.09"]
[Round "5.6"]
[White "Dorfanis, Ilarion"]
[Black "Nikomanis, Andreas"]
[Result "0-1"]
[WhiteElo "2177"]
[BlackElo "1984"]
[PlyCount "70"]
[EventDate "2008.07.06"]
[WhiteTeam "OFS KAVALAS"]
[BlackTeam "PS PERISTERIOU"]

1. e4 d5 2. exd5 Qxd5 3. Nf3 Bg4 4. Be2 Nc6 5. d4 O-O-O 6. Be3 e5 7. c4 Qa5+ 8.
Bd2 Qa6 9. c5 Bxf3 10. gxf3 b5 11. d5 Nd4 12. c6 Rxd5 13. Nc3 Rd8 14. a4 Qxc6
15. axb5 Qb7 16. b6 Qxb6 17. Ra6 Nxf3+ 18. Bxf3 Qxa6 19. Qb3 Qb6 20. Qxf7 Nf6
21. Be3 Bc5 22. Bxc5 Qxc5 23. Qe6+ Kb8 24. O-O Rhe8 25. Qf5 Rd2 26. Ne4 Qc2 27.
Bg2 Re2 28. Ra1 Nxe4 29. Qd7 Nd6 30. Ra3 Re1+ 31. Bf1 Rf8 32. f3 Qd1 33. Qh3
Rxf1+ 34. Qxf1 Qxf1+ 35. Kxf1 e4 0-1

[Event "36th Teams Ch-GR"]
[Site "Kallithea Halkidiki"]
[Date "2008.07.09"]
[Round "5.6"]
[White "Apostolou, Elias"]
[Black "Hrisomalis, Theodoros"]
[Result "0-1"]
[WhiteElo "1889"]
[BlackElo "1862"]
[PlyCount "66"]
[EventDate "2008.07.06"]
[WhiteTeam "PS PERISTERIOU"]
[BlackTeam "OFS KAVALAS"]

1. e4 e5 2. Nf3 Nc6 3. Bb5 a6 4. Ba4 d6 5. O-O Nf6 6. Re1 Be7 7. c3 O-O 8. d3
Kh8 9. Nbd2 Ne8 10. Nf1 f5 11. Bxc6 bxc6 12. d4 fxe4 13. Rxe4 Bf5 14. Re1 e4
15. N3d2 d5 16. Qe2 Bd6 17. Nb3 Qh4 18. Be3 Nf6 19. Na5 Bg4 20. Qd2 Bf3 21. Bg5
Qg4 22. Ng3 h6 23. Bxf6 Rxf6 24. gxf3 exf3 25. Kh1 Qh3 26. Rg1 Rf4 27. Nf1 Rh4
28. Rg3 Bxg3 29. fxg3 Re4 30. Qf2 Rf8 31. Nxc6 Re2 32. Qg1 Rg2 33. Qe3 Rxh2+
0-1

[Event "36th Teams Ch-GR"]
[Site "Kallithea Halkidiki"]
[Date "2008.07.09"]
[Round "5.7"]
[White "Ris, Robert"]
[Black "Oreopoulos, Konstantinos"]
[Result "1-0"]
[WhiteElo "2415"]
[BlackElo "2284"]
[PlyCount "83"]
[EventDate "2008.07.06"]
[WhiteTeam "OAA HERAKLIO"]
[BlackTeam "ES KALAMARIAS"]

1. e4 e6 2. d4 d5 3. Nd2 Nf6 4. e5 Nfd7 5. c3 c5 6. Bd3 Nc6 7. Ngf3 Be7 8. O-O
g5 9. h3 h5 10. g4 hxg4 11. hxg4 Qb6 12. Qa4 a6 13. Re1 Qa7 14. Nf1 b5 15. Qd1
cxd4 16. cxd4 Nxd4 17. Nxg5 Rg8 18. Nh7 Nc6 19. Be3 Qb8 20. f4 Ncxe5 21. fxe5
Qxe5 22. g5 Qg7 23. Ng3 Nf8 24. Qc2 Bd7 25. Nxf8 Kxf8 26. g6 f5 27. Bxf5 exf5
28. Bc5 Rc8 29. Rxe7 Rxc5 30. Rxg7 Rxc2 31. Rf7+ Ke8 32. Re1+ Kd8 33. g7 Be8
34. Rfe7 Bg6 35. Nxf5 Rc7 36. R1e6 Rxe7 37. Nxe7 Bf7 38. Nxg8 Bxe6 39. Nh6 Ke7
40. Kf2 Kf6 41. g8=R Bxg8 42. Nxg8+ 1-0

[Event "36th Teams Ch-GR"]
[Site "Kallithea Halkidiki"]
[Date "2008.07.09"]
[Round "5.7"]
[White "Prentos, Konstantinos"]
[Black "Mastrokoukos, Georgios"]
[Result "1/2-1/2"]
[WhiteElo "2271"]
[BlackElo "2325"]
[PlyCount "20"]
[EventDate "2008.07.06"]
[WhiteTeam "ES KALAMARIAS"]
[BlackTeam "OAA HERAKLIO"]

1. e4 c5 2. Nf3 Nc6 3. d4 cxd4 4. Nxd4 Nf6 5. Nc3 e5 6. Ndb5 d6 7. a4 a6 8. Na3
Be7 9. Bg5 O-O 10. Bxf6 Bxf6 1/2-1/2

[Event "36th Teams Ch-GR"]
[Site "Kallithea Halkidiki"]
[Date "2008.07.09"]
[Round "5.7"]
[White "Parginos, Vassilios"]
[Black "Dalaklis, Georgios"]
[Result "0-1"]
[WhiteElo "2187"]
[BlackElo "2186"]
[PlyCount "102"]
[EventDate "2008.07.06"]
[WhiteTeam "OAA HERAKLIO"]
[BlackTeam "ES KALAMARIAS"]

1. d4 d6 2. c4 e5 3. Nf3 exd4 4. Nxd4 g6 5. g3 Bg7 6. Bg2 Ne7 7. h4 O-O 8. Nc3
Nd7 9. h5 Ne5 10. b3 c5 11. Nc2 Nxc4 12. bxc4 Bxc3+ 13. Bd2 Qa5 14. Rb1 Bxd2+
15. Qxd2 Qxd2+ 16. Kxd2 Rb8 17. Ne3 b6 18. Rh4 Nf5 19. hxg6 hxg6 20. Nxf5 Bxf5
21. Rbh1 Kg7 22. Bd5 g5 23. Rh5 f6 24. f4 Bg6 25. R5h2 Rh8 26. Rxh8 Rxh8 27.
Rc1 Bf7 28. Bxf7 Kxf7 29. f5 Re8 30. Kd3 Re5 31. e4 Re8 32. Rh1 Kg7 33. Rd1 Rh8
34. Ke3 Rh2 35. Rxd6 Rxa2 36. Kf3 Ra4 37. e5 fxe5 38. Kg4 Rxc4+ 39. Kxg5 Rd4
40. Re6 Rd7 41. g4 Kh7 42. Rxe5 c4 43. Re2 c3 44. Rh2+ Kg8 45. f6 Rd2 46. Rh3
c2 47. Rc3 Rd5+ 48. Kg6 Rc5 49. Rd3 Rc8 50. Rh3 c1=Q 51. f7+ Kf8 0-1

[Event "36th Teams Ch-GR"]
[Site "Kallithea Halkidiki"]
[Date "2008.07.09"]
[Round "5.7"]
[White "Kiratzopoulos, Efthimios"]
[Black "Kounalakis, Evryklis"]
[Result "1-0"]
[WhiteElo "2125"]
[BlackElo "2120"]
[PlyCount "73"]
[EventDate "2008.07.06"]
[WhiteTeam "ES KALAMARIAS"]
[BlackTeam "OAA HERAKLIO"]

1. d4 Nf6 2. Nf3 e6 3. Bg5 c5 4. Nc3 d5 5. e4 Be7 6. exd5 Nxd5 7. Bxe7 Qxe7 8.
Nxd5 exd5+ 9. Qe2 Be6 10. O-O-O O-O 11. Qe3 Nc6 12. dxc5 b6 13. Bb5 Rfc8 14.
Bxc6 Rxc6 15. Rxd5 bxc5 16. Ng5 Re8 17. Re5 Qc7 18. Qg3 Qb7 19. Rhe1 Rb8 20. b3
Qb4 21. Nxe6 Rxe6 22. Rxe6 fxe6 23. Qe5 Rb6 24. Rd1 h6 25. f3 Qa3+ 26. Kb1 Ra6
27. Rd8+ Kf7 28. Rd7+ Ke8 29. Rxg7 Qxa2+ 30. Kc1 Qa3+ 31. Kd1 Qb4 32. Rg8+ Kd7
33. Qg7+ Kc6 34. Rc8+ Kb5 35. Qd7+ Ka5 36. Qc7+ Kb5 37. c4+ 1-0

[Event "36th Teams Ch-GR"]
[Site "Kallithea Halkidiki"]
[Date "2008.07.09"]
[Round "5.8"]
[White "Festas, Georgios"]
[Black "Postny, Evgeny"]
[Result "0-1"]
[WhiteElo "2172"]
[BlackElo "2661"]
[PlyCount "126"]
[EventDate "2008.07.06"]
[WhiteTeam "SO ILIOUPOLIS"]
[BlackTeam "SO HERAKLIOU"]

1. d4 d5 2. Bg5 c6 3. e3 h6 4. Bh4 Qb6 5. Qc1 e5 6. Nf3 e4 7. Nfd2 Ne7 8. c4
Nf5 9. Bg3 Nxg3 10. hxg3 Be6 11. Nc3 Nd7 12. Be2 Be7 13. c5 Qc7 14. b4 Nf6 15.
Qd1 h5 16. b5 Rh6 17. bxc6 bxc6 18. Rb1 Ng4 19. Bxg4 Bxg4 20. Qb3 Rd8 21. Qb7
Qa5 22. Qb4 Qa6 23. Nf1 Qd3 24. Nh2 Bc8 25. Nf1 Rd7 26. Rd1 Qa6 27. Qa4 Bd8 28.
Qxa6 Bxa6 29. Nd2 Ba5 30. Rc1 Rb7 31. Nb3 Bb4 32. f3 exf3 33. gxf3 Re7 34. Kf2
Rhe6 35. Nd1 Ba3 36. Rc3 g6 37. Rh4 Bb4 38. Rc2 Rb7 39. g4 hxg4 40. Rxg4 Bc4
41. Nd2 Ba6 42. Rg1 Kf8 43. Rb2 Kg7 44. Rc2 Re8 45. Nb3 Rh8 46. Kg2 Rhb8 47.
Nf2 Bc4 48. Nc1 Ba5 49. Ncd3 Bc7 50. f4 f6 51. Kf3 Rb1 52. Rcc1 Bxa2 53. Rxb1
Rxb1 54. Rxb1 Bxb1 55. Nb4 a5 56. Nxc6 a4 57. Nd1 a3 58. Nc3 a2 59. Nxa2 Bxa2
60. Nb4 Bc4 61. Nxd5 Bxd5+ 62. e4 Bb7 63. d5 f5 0-1

[Event "36th Teams Ch-GR"]
[Site "Kallithea Halkidiki"]
[Date "2008.07.09"]
[Round "5.8"]
[White "Lirindzakis, Timotheos"]
[Black "Skalkotas, Nikolaos"]
[Result "1/2-1/2"]
[WhiteElo "2360"]
[BlackElo "2273"]
[PlyCount "84"]
[EventDate "2008.07.06"]
[WhiteTeam "SO HERAKLIOU"]
[BlackTeam "SO ILIOUPOLIS"]

1. d4 Nf6 2. Nf3 g6 3. c4 Bg7 4. Nc3 d5 5. Bf4 O-O 6. Rc1 c6 7. e3 dxc4 8. Bxc4
Nfd7 9. O-O Nb6 10. Bb3 Bg4 11. h3 Bxf3 12. Qxf3 a5 13. a3 a4 14. Ba2 Ra5 15.
Rfd1 Qe8 16. Rc2 N8d7 17. Rcd2 Kh8 18. e4 f5 19. Be6 fxe4 20. Qxe4 Nf6 21. Qe1
Nfd5 22. Nxd5 cxd5 23. Bc7 Rb5 24. Bxb6 Rxb6 25. Bxd5 Qd7 26. Bc4 Rd8 27. Qe4
Rd6 28. h4 Rxd4 29. Rxd4 Bxd4 30. h5 gxh5 31. Be6 Qd6 32. Rd3 Qb6 33. Rf3 Bxf2+
34. Kh2 Qd4 35. Qf5 Qh4+ 36. Qh3 Qxh3+ 37. Kxh3 Rd2 38. b3 h4 39. bxa4 Bg3 40.
Rf5 Re2 41. Bd5 e6 42. Bf3 exf5 1/2-1/2

[Event "36th Teams Ch-GR"]
[Site "Kallithea Halkidiki"]
[Date "2008.07.09"]
[Round "5.8"]
[White "Gogolis, Alexandros"]
[Black "Stavrianakis, Ioannis"]
[Result "1/2-1/2"]
[WhiteElo "2283"]
[BlackElo "2176"]
[PlyCount "44"]
[EventDate "2008.07.06"]
[WhiteTeam "SO ILIOUPOLIS"]
[BlackTeam "SO HERAKLIOU"]

1. d4 Nf6 2. Bg5 Ne4 3. Bf4 c5 4. f3 Qa5+ 5. c3 Nf6 6. Nd2 cxd4 7. Nb3 Qb6 8.
Qxd4 Nc6 9. Qxb6 axb6 10. Nd4 e5 11. Nxc6 exf4 12. Nd4 d5 13. g3 Bd6 14. Kf2
O-O 15. e3 fxe3+ 16. Kxe3 Re8+ 17. Kf2 Bc5 18. Nge2 Bf5 19. a3 Bd3 20. Rd1 Bc4
21. Rd2 Re7 22. h4 Rae8 1/2-1/2

[Event "36th Teams Ch-GR"]
[Site "Kallithea Halkidiki"]
[Date "2008.07.09"]
[Round "5.8"]
[White "Pandelias, Emmanouil"]
[Black "Ignatiadis, Konstantinos"]
[Result "1/2-1/2"]
[WhiteElo "2053"]
[BlackElo "2271"]
[PlyCount "59"]
[EventDate "2008.07.06"]
[WhiteTeam "SO HERAKLIOU"]
[BlackTeam "SO ILIOUPOLIS"]

1. d4 d5 2. Nf3 Nf6 3. Bg5 Nbd7 4. e3 g6 5. Nbd2 Bg7 6. Bd3 O-O 7. O-O c5 8. c3
b6 9. Qe2 Bb7 10. a4 Ne4 11. Bh4 Nxd2 12. Qxd2 a5 13. Rfe1 Nf6 14. Qe2 Qc8 15.
dxc5 Qxc5 16. Bxf6 Bxf6 17. e4 dxe4 18. Bxe4 Ba6 19. Bd3 Bxd3 20. Qxd3 Rad8 21.
Qe4 Rd7 22. Rad1 Rfd8 23. Qc2 Kg7 24. h3 h5 25. Rxd7 Rxd7 26. Rd1 Qf5 27. Qb3
Rxd1+ 28. Qxd1 g5 29. Nh2 h4 30. Ng4 1/2-1/2

[Event "36th Teams Ch-GR"]
[Site "Kallithea Halkidiki"]
[Date "2008.07.09"]
[Round "5.9"]
[White "Willemze, Thomas"]
[Black "Hadzimanolis, Antonios"]
[Result "1-0"]
[WhiteElo "2398"]
[BlackElo "2306"]
[PlyCount "89"]
[EventDate "2008.07.06"]
[WhiteTeam "SO KALLITHEAS"]
[BlackTeam "PANATHLITIKOS SF SYKEON"]

1. e4 e5 2. Nf3 Nc6 3. Nc3 Nf6 4. Bb5 Bb4 5. O-O Bxc3 6. bxc3 O-O 7. Re1 Re8 8.
d3 d6 9. Rb1 h6 10. Ba4 a6 11. c4 Nd7 12. Be3 Ne7 13. c5 dxc5 14. Bxd7 Qxd7 15.
Nxe5 Qe6 16. f4 Qxa2 17. Bxc5 b6 18. Nc4 Qa4 19. Bxb6 cxb6 20. Nxb6 Qc6 21.
Nxa8 Qxa8 22. f5 Qa7+ 23. Kh1 a5 24. d4 Rd8 25. c3 a4 26. Rb4 Bd7 27. Qc2 Ra8
28. Ra1 Nc8 29. Qb1 Qa5 30. c4 Nd6 31. c5 Nxe4 32. Qxe4 Re8 33. Qb7 Re2 34. Qb6
Qa8 35. Qb8+ Qxb8 36. Rxb8+ Kh7 37. d5 Bxf5 38. c6 Be4 39. Kg1 Rxg2+ 40. Kf1
Rxh2 41. c7 Bf5 42. Rxa4 Rd2 43. Ra5 g5 44. c8=Q Bxc8 45. Rxc8 1-0

[Event "36th Teams Ch-GR"]
[Site "Kallithea Halkidiki"]
[Date "2008.07.09"]
[Round "5.9"]
[White "Zalahoras, Nikolaos"]
[Black "Gesos, Pavlos"]
[Result "1/2-1/2"]
[WhiteElo "2181"]
[BlackElo "2321"]
[PlyCount "87"]
[EventDate "2008.07.06"]
[WhiteTeam "PANATHLITIKOS SF SYKEON"]
[BlackTeam "SO KALLITHEAS"]

1. c4 Nf6 2. g3 d5 3. cxd5 Nxd5 4. Bg2 g6 5. Nc3 Nb6 6. Nf3 Bg7 7. O-O Nc6 8.
b3 O-O 9. Bb2 e5 10. d3 Qe7 11. Rc1 Rd8 12. Qc2 Bg4 13. Ne4 Rac8 14. h3 Bf5 15.
Nc5 Nb4 16. Qb1 c6 17. a3 Na6 18. Nxa6 bxa6 19. Nd2 Be6 20. Ne4 Nd7 21. b4 a5
22. bxa5 f5 23. Nd2 Qd6 24. Nc4 Qb8 25. Qa1 Bd5 26. f4 Bxg2 27. Kxg2 Re8 28.
Rc2 Re7 29. Rb1 Qc7 30. a6 c5 31. fxe5 Nxe5 32. Nxe5 Bxe5 33. Bxe5 Rxe5 34. Rb7
Qc6+ 35. Kf2 Rce8 36. Qa2+ R8e6 37. d4 Re4 38. Rxa7 c4 39. Qb2 f4 40. Qb8+ Re8
41. Qb7 fxg3+ 42. Kg1 Qf6 43. Qxh7+ Kf8 44. Qh6+ 1/2-1/2

[Event "36th Teams Ch-GR"]
[Site "Kallithea Halkidiki"]
[Date "2008.07.09"]
[Round "5.10"]
[White "Koukoufikis, Alexandros"]
[Black "Azmaiparashvili, Zurab"]
[Result "0-1"]
[WhiteElo "2252"]
[BlackElo "2615"]
[PlyCount "88"]
[EventDate "2008.07.06"]
[WhiteTeam "SO IKARIAS I. TZELEPIS"]
[BlackTeam "NO KALAMATAS O POSEIDON"]

1. e4 d6 2. Nc3 g6 3. g3 Bg7 4. Bg2 c5 5. d3 Nc6 6. Be3 Nd4 7. Qd2 Qa5 8. h3 e6
9. Nf3 Ne7 10. O-O Nec6 11. Ne1 h6 12. Nd1 Qa6 13. f4 f5 14. Rf2 O-O 15. Qc1
fxe4 16. Bxe4 Nf5 17. g4 Nxe3 18. Nxe3 Ne7 19. N1g2 d5 20. Bf3 Bd7 21. c3 Qxd3
22. Be2 Qe4 23. a4 g5 24. Bf3 Qh7 25. f5 exf5 26. Nxd5 Nc6 27. Qc2 Rae8 28.
Nge3 fxg4 29. Qxh7+ Kxh7 30. Bxg4 Rxf2 31. Kxf2 Rd8 32. Rd1 Ne5 33. Bxd7 Rxd7
34. Kg2 Rf7 35. Rf1 Kg6 36. b4 Nd3 37. Rxf7 Kxf7 38. Nf5 Ke6 39. Nxg7+ Kxd5 40.
Nf5 h5 41. Ne7+ Kc4 42. Nc8 cxb4 43. Nd6+ Kxc3 44. Nxb7 b3 0-1

[Event "36th Teams Ch-GR"]
[Site "Kallithea Halkidiki"]
[Date "2008.07.09"]
[Round "5.10"]
[White "Tsekouras, Theodoros"]
[Black "Koukoufikis, Georgios"]
[Result "1-0"]
[WhiteElo "2204"]
[BlackElo "2224"]
[PlyCount "59"]
[EventDate "2008.07.06"]
[WhiteTeam "NO KALAMATAS O POSEIDON"]
[BlackTeam "SO IKARIAS I. TZELEPIS"]

1. e4 g6 2. d4 Bg7 3. Nc3 c6 4. f4 Qb6 5. Nf3 d5 6. e5 Bg4 7. Be2 Nh6 8. h3
Bxf3 9. Bxf3 Nf5 10. Ne2 h5 11. a4 e6 12. a5 Qd8 13. O-O Bf8 14. Qd3 Na6 15.
Bd2 Rc8 16. c4 dxc4 17. Qxc4 Be7 18. Rfd1 Kf8 19. Rac1 Kg7 20. Be4 Nc7 21. g4
hxg4 22. hxg4 Nh6 23. Bf3 a6 24. Ng3 Nd5 25. Ne4 Bf8 26. Qe2 Qh4 27. Qg2 Bb4
28. Bxb4 Nxb4 29. Qg3 Nxg4 30. Bxg4 1-0

[Event "36th Teams Ch-GR"]
[Site "Kallithea Halkidiki"]
[Date "2008.07.09"]
[Round "5.10"]
[White "Siempos, Konstantinos"]
[Black "Kiriakopoulos, Antonios"]
[Result "1/2-1/2"]
[WhiteElo "1975"]
[BlackElo "2055"]
[PlyCount "31"]
[EventDate "2008.07.06"]
[WhiteTeam "SO IKARIAS I. TZELEPIS"]
[BlackTeam "NO KALAMATAS O POSEIDON"]

1. e4 c5 2. c3 d5 3. exd5 Qxd5 4. d4 Nf6 5. Nf3 e6 6. Be3 cxd4 7. cxd4 Be7 8.
Nc3 Qd6 9. h3 O-O 10. Be2 Nc6 11. a3 b6 12. O-O Bb7 13. b4 Rac8 14. Qb3 Qb8 15.
Rfd1 Rfd8 16. Rac1 1/2-1/2

[Event "36th Teams Ch-GR"]
[Site "Kallithea Halkidiki"]
[Date "2008.07.09"]
[Round "5.10"]
[White "Kapagiannidis, Dimitrios"]
[Black "Lambropoulos, Evangelos"]
[Result "0-1"]
[WhiteElo "1909"]
[BlackElo "2128"]
[PlyCount "66"]
[EventDate "2008.07.06"]
[WhiteTeam "SO IKARIAS I. TZELEPIS"]
[BlackTeam "NO KALAMATAS O POSEIDON"]

1. e4 d6 2. d4 Nf6 3. Nc3 g6 4. Nge2 Bg7 5. Ng3 Nc6 6. f3 e5 7. d5 Nd4 8. Be3
O-O 9. Nb5 Nxb5 10. Bxb5 c6 11. Bc4 b5 12. Bb3 cxd5 13. Bxd5 Nxd5 14. Qxd5 Be6
15. Qd2 Qc7 16. O-O Rfd8 17. Rfd1 Rac8 18. c3 d5 19. Qf2 Rd7 20. exd5 Bxd5 21.
Ne4 f5 22. Ng5 h6 23. Nh3 Rcd8 24. Qe2 f4 25. Bc1 Qc6 26. Nf2 h5 27. h3 g5 28.
Ne4 g4 29. b3 gxf3 30. gxf3 Bxe4 31. Rxd7 Qxd7 32. fxe4 Qxh3 33. Qf1 Qg3+ 0-1

[Event "36th Teams Ch-GR"]
[Site "Kallithea Halkidiki"]
[Date "2008.07.09"]
[Round "6.1"]
[White "Harikrishna, Pentala"]
[Black "Kryvoruchko, Yuriy"]
[Result "1/2-1/2"]
[WhiteElo "2668"]
[BlackElo "2628"]
[PlyCount "35"]
[EventDate "2008.07.06"]
[WhiteTeam "SO KAVALAS"]
[BlackTeam "SA CHANION"]

1. d4 Nf6 2. Nf3 e6 3. Bg5 Be7 4. Nbd2 d5 5. e3 h6 6. Bh4 c5 7. c3 Nc6 8. Bd3
b6 9. O-O O-O 10. Ne5 Nxe5 11. dxe5 Nd7 12. Bxe7 Qxe7 13. f4 Bb7 14. Qe2 f6 15.
exf6 Rxf6 16. c4 e5 17. cxd5 Bxd5 18. Be4 1/2-1/2